Normal view MARC view
  • Yeoman and Chawcraft

Entry Corporate Name

Number of records used in: 1

001 - CONTROL NUMBER

  • control field: 5423

003 - CONTROL NUMBER IDENTIFIER

  • control field: OSt

005 - DATE AND TIME OF LATEST TRANSACTION

  • control field: 20190806150242.0

008 - FIXED-LENGTH DATA ELEMENTS

  • fixed length control field: 071029n| acannaabn |n ana d

040 ## - CATALOGING SOURCE

  • Original cataloging agency: OSt
  • Transcribing agency: OSt

110 2# - HEADING--CORPORATE NAME

  • Corporate name or jurisdiction name as entry element: Yeoman and Chawcraft

670 ## - SOURCE DATA FOUND

  • Source citation: [Receipt for the sum of £52 received from Mr B. M. Foley as a deposit on an item sold at Garraways on 1 March 1854], 1854